000 01175nam a22003377a 4500
003 CHAP
005 20220329140204.0
008 971013s1984 r 00010 d
010 _a48283
011 _a49255
035 _a53403
040 _cCHAP
090 _aTesis
100 0 0 _aVázquez Robles, Aida.
_9120487
245 _aEvaluación de 15 variedades de trigo (Triticum aestivum L.) bajo las condiciones de Apodaca, N.L.
260 _a(Monterrey, N.L.) :
_bEl autor,
_c1984
300 _a43 h.
_b; gráfs.
502 _aTesis (Ing. Agrónomo en Producción) -- ITESM. División de Ciencias Agropecuarias y Marítimas
590 _aALEPH
_b10
_c20130110
_lUCH01
_h1319
590 _aBATCH-UPD
_b10
_c20130110
_lUCH01
_h0233
590 _aBATCH-UPD
_b10
_c20130110
_lUCH01
_h1411
590 _aBATCH-UPD
_b10
_c20130409
_lUCH01
_h2257
590 _aBATCH-UPD
_b10
_c20130410
_lUCH01
_h1448
590 _aBATCH-UPD
_b10
_c20130914
_lUCH01
_h2053
590 _aCONVERSION
_b10
_c20130109
_lUCH01
_h1326
650 1 4 _aTrigo
_xNuevo León.
_9115069
650 1 4 _aTrigo
_xVariedades.
_9115119
901 _aBK
942 _cTESIS
949 _bBC
_cTES
_d-118443
_eTS1
_h17706
_i53403
_si
999 _c48283
_d48283